01867pam a2200277 i 45000010008000000030006000080050017000140080041000310100017000720200018000890350017001070400118001240410008002420420008002500500025002581000024002832450032003072600044003393000024003835000047004075201041004546500023014956500023015186500025015416550023015669916907CaAEU20251015121033.0210305t20222022xxc e 000 1 eng  a 2021010229 a9780593321096 aon1310487552 aDLCbengerdacDLCdOCLCOdOCLCFdBDXdYDXdLMJdY$5dHOTdLJWdOI6dOCLCOdRNLdOCOdOCLCOdTXSCHdJQMdUABdAEU aeng apcc00aPS3570.Y45bF74 2022 aTyler, Anneeauthor10aFrench braidc/ Anne Tyler. aNew York, NY :bAlfred A. Knope,c2022. a243 pages ;c25 cm. a"This is a Borzoi book"--Title page verso. aThe Garretts take their first and last family vacation in the summer of 1959. They hardly ever venture beyond Baltimore, but in some ways they have never been farther apart. Mercy has trouble resisting the siren call of her aspirations to be a painter, which means less time keeping house for her husband Robin. Their teenage daughters, steady Alice and boy-crazy Lily, could not have less in common. Their youngest, David, is already intent on escaping his family's orbit, for reasons none of them understands. Yet as these lives advance across decades, the Garretts' influence on one another ripples unmistakably through each generation, much like French-braided hair keeps its waves even after it is undone. Full of heartbreak and hilarity, French Braid is classic Anne Tyler: a stirring, uncannily insightful novel of tremendous warmth and humor that illuminates the kindnesses and cruelties of our daily lives, the impossibility of breaking free from those who love us, and how close--yet how unknowable--every family is to itself. 0aFamilies vFiction 0aVacationsvFiction 0aGenerationsvFiction 0aHistorical fiction